01232nam a2200301Ia 4500001001200000003000800012006001900020007001500039008004100054020001800095020001800113040002100131035002100152050002300173100001900196245016500215260006100380300001800441440003500459504004100494533015200535650001200687650004200699655002900741710001700770856012600787999001700913ebr10627130CaPaEBRm u cr cn|||||||||121206s2012 dcua sb 000 0 eng d z9781475505160 z9781475563504 aCaPaEBRcCaPaEBR a(OCoLC)79721983914aHG229b.A74 2012eb1 aArezki, Rabah.10aCommodity prices and exchange rate volatilityh[electronic resource] :blessons from South Africa's capital account liberalization /cRabah Arezki ... [et al.]. aWashington, D.C. :bInternational Monetary Fund,cc2012. a18 p. :bill. 0aIMF working paper ;vWP/12/168 aIncludes bibliographical references. aElectronic reproduction.bPalo Alto, Calif. :cebrary,d2011.nAvailable via World Wide Web.nAccess may be limited to ebrary affiliated libraries. 0aPrices. 0aForeign exchange rateszSouth Africa. 7aElectronic books.2local2 aebrary, Inc.40uhttp://site.ebrary.com/lib/rucke/Doc?id=10627130zAn electronic book accessible through the World Wide Web; click to view c66635d66635